000 00688nam a2200277Ia 4500
005 20260324133251.0
008 008 260324s9999 xx 000 0 eng d
020 _a9780429270703
037 _aEBOOK
040 _aCRL
040 _beng
040 _cCRL
041 _2eng
041 _aeng
084 _qCRL
100 _aWilliam W. Christie; Jean-Louis Sebedio; Richard Adlof
_91192433
245 0 _aAdvances in Conjugated Linoleic Acid Research
260 _bTaylor and Francis
260 _c2003
365 _a
365 _b230
856 _uhttp://www.taylorfrancis.com/books/9780429270703
942 _cEBOOK
999 _c1791322
_d1791322